| 000 | 01198cam a2200301 4500 | ||
|---|---|---|---|
| 008 | 040319n2004 000 0 eng u | ||
| 020 | _a1860816851 | ||
| 035 | _a(Sirsi) u128503 | ||
| 041 | _aeng | ||
| 050 |
_a333.73 _c18 |
||
| 100 | _aCharles, J.A. | ||
| 245 |
_aBuilding on brownfield sites _breducing the risks |
||
| 260 |
_aWatford _bBRE _c2004 |
||
| 300 |
_a8p. _c30cm. |
||
| 350 | _a12 | ||
| 490 |
_aBRE Good Building Guide _vGBG 59 Part 2 |
||
| 520 | _aPart two of this "Good Building Guide" outlines the ways in which brownfield site risks can be managed and reduced. Risk mitigation can include ground remediation techniques and defensive measures in the design of foundations, substructures and services. Appendix lists the different regulations that can impact on the development of brownfield sites. | ||
| 590 | _aNB | ||
| 650 | _aBROWNFIELD SITES | ||
| 650 | _aBROWNFIELD DEVELOPMENT | ||
| 650 | _aRISK MANAGEMENT | ||
| 650 | _aREMEDIATION METHODS | ||
| 650 | _aCONTAMINATED LAND | ||
| 690 | _aBUILT ENVIRONMENT-SUSTAINABLE CONSTRUCTION | ||
| 710 | _aBuilding Research Establishment | ||
| 710 |
_aUnited Kingdom _bDepartment of Trade and Industry |
||
| 942 | _n0 | ||
| 999 |
_c103938 _d103938 |
||